<?xml version="1.0" encoding="UTF-8"?>
<record
    xmlns:xsi="http://www.w3.org/2001/XMLSchema-instance"
    xsi:schemaLocation="http://www.loc.gov/MARC21/slim http://www.loc.gov/standards/marcxml/schema/MARC21slim.xsd"
    xmlns="http://www.loc.gov/MARC21/slim">

  <leader>01908nam a2200313   4500</leader>
  <controlfield tag="001">113842</controlfield>
  <controlfield tag="003">DR-UNIBE</controlfield>
  <controlfield tag="005">20250708102903.0</controlfield>
  <controlfield tag="008">250708b2013    dr ||||| |||| 00| 0 spa d</controlfield>
  <datafield tag="040" ind1=" " ind2=" ">
    <subfield code="a">BIBLIOTECA UNIBE</subfield>
    <subfield code="c">BIBLIOTECA UNIBE</subfield>
    <subfield code="b">spa</subfield>
    <subfield code="e">rda</subfield>
  </datafield>
  <datafield tag="041" ind1=" " ind2=" ">
    <subfield code="a">spa</subfield>
  </datafield>
  <datafield tag="082" ind1=" " ind2=" ">
    <subfield code="2">22</subfield>
    <subfield code="a">RD 372.6 M777cu</subfield>
  </datafield>
  <datafield tag="100" ind1="1" ind2="0">
    <subfield code="a">Montenegro, Liliana</subfield>
    <subfield code="9">55076</subfield>
    <subfield code="e">autor</subfield>
  </datafield>
  <datafield tag="100" ind1="1" ind2="0">
    <subfield code="a">Rosario, Yenny</subfield>
    <subfield code="9">197091</subfield>
    <subfield code="e">autor</subfield>
  </datafield>
  <datafield tag="100" ind1="1" ind2="0">
    <subfield code="a">Camacho, Virgen</subfield>
    <subfield code="9">197090</subfield>
    <subfield code="e">autor</subfield>
  </datafield>
  <datafield tag="245" ind1="1" ind2="0">
    <subfield code="a">Cuaderno de trabajo de lengua espa&#xF1;ola: </subfield>
    <subfield code="b">2do grado /</subfield>
    <subfield code="c">Liliana Montenegro, Virgen Camacho, Jenny Acevedo  [y otro ]</subfield>
  </datafield>
  <datafield tag="250" ind1=" " ind2=" ">
    <subfield code="a">Primera edici&#xF3;n</subfield>
  </datafield>
  <datafield tag="260" ind1=" " ind2=" ">
    <subfield code="a">Santo Domingo:  </subfield>
    <subfield code="b">Pontificia Universidad Cat&#xF3;lica Madre y Maestra (PUCMM) :</subfield>
    <subfield code="b">Ministerio de Educaci&#xF3;n (MINERD): </subfield>
    <subfield code="b">Agencia Internacional para el Desarrollo de los Estados Unidos(USAID), </subfield>
    <subfield code="c">2013</subfield>
  </datafield>
  <datafield tag="300" ind1=" " ind2=" ">
    <subfield code="a">90 p&#xE1;ginas : </subfield>
    <subfield code="b">ilustraciones a color; </subfield>
    <subfield code="c">27 x 21 cm</subfield>
  </datafield>
  <datafield tag="500" ind1=" " ind2=" ">
    <subfield code="a">Este cuaderno de trabajo contiene ejercicios de aplicaci&#xF3;n e las gu&#xED;as "Talleres integrados de lectoescritura" para segundo grado de la escuela b&#xE1;sica</subfield>
  </datafield>
  <datafield tag="505" ind1=" " ind2=" ">
    <subfield code="a">Introducci&#xF3;n |
Cuadernos de ejercicios para la gu&#xED;a 1 " Mis documentos de identidad" |
Cuadernos de ejercicios para la gu&#xED;a 2 " Textos que nos rodean" |
Cuadernos de ejercicios para la gu&#xED;a 3 "F&#xE1;bulas y poes&#xED;as" |
Cuadernos de ejercicios para la gu&#xED;a 4 "Textos informativos y publicitarios"</subfield>
  </datafield>
  <datafield tag="650" ind1=" " ind2="7">
    <subfield code="2">lemb</subfield>
    <subfield code="a"> Espa&#xF1;ol </subfield>
    <subfield code="v">Cuaderno de trabajo</subfield>
    <subfield code="x">Ense&#xF1;anza</subfield>
    <subfield code="x"> Educaci&#xF3;n primaria </subfield>
    <subfield code="9">197102</subfield>
  </datafield>
  <datafield tag="700" ind1="1" ind2="0">
    <subfield code="a">Acevedo, Jenny</subfield>
    <subfield code="9">197092</subfield>
    <subfield code="e">autor</subfield>
  </datafield>
  <datafield tag="700" ind1="1" ind2="0">
    <subfield code="a">Olloqui, Marta de</subfield>
    <subfield code="9">196988</subfield>
    <subfield code="e">dise&#xF1;ador</subfield>
    <subfield code="e">diagramador</subfield>
    <subfield code="e">ilustrador</subfield>
  </datafield>
  <datafield tag="700" ind1="1" ind2="0">
    <subfield code="a">Cantera, Santiago Pablo</subfield>
    <subfield code="9">197094</subfield>
    <subfield code="e">dise&#xF1;ador</subfield>
    <subfield code="e">diagramador</subfield>
    <subfield code="e">ilustrador</subfield>
  </datafield>
  <datafield tag="700" ind1="1" ind2="0">
    <subfield code="a">Gonz&#xE1;lez, Sebast&#xED;an B.</subfield>
    <subfield code="9">197093</subfield>
    <subfield code="e">dise&#xF1;ador</subfield>
    <subfield code="e">diagramador</subfield>
    <subfield code="e">ilustrador</subfield>
  </datafield>
  <datafield tag="710" ind1="1" ind2="0">
    <subfield code="a">Programa Escuelas Efectivas-Lengua Espa&#xF1;ola (PEF-LE)</subfield>
    <subfield code="9">197095</subfield>
    <subfield code="e">colaboraci&#xF3;n ling&#xFC;&#xED;stica y pedag&#xF3;gica</subfield>
  </datafield>
  <datafield tag="942" ind1=" " ind2=" ">
    <subfield code="2">ddc</subfield>
    <subfield code="c">BK</subfield>
  </datafield>
  <datafield tag="999" ind1=" " ind2=" ">
    <subfield code="c">113842</subfield>
    <subfield code="d">113842</subfield>
  </datafield>
  <datafield tag="952" ind1=" " ind2=" ">
    <subfield code="0">0</subfield>
    <subfield code="1">0</subfield>
    <subfield code="2">ddc</subfield>
    <subfield code="7">0</subfield>
    <subfield code="8">GEN</subfield>
    <subfield code="a">Principal</subfield>
    <subfield code="d">2025-06-10</subfield>
    <subfield code="l">0</subfield>
    <subfield code="o">RD 372.6 M777cu</subfield>
    <subfield code="p">250725</subfield>
    <subfield code="r">2025-07-08 10:03:55</subfield>
    <subfield code="t">Ej. 1</subfield>
    <subfield code="w">2025-07-08</subfield>
    <subfield code="y">BK</subfield>
  </datafield>
</record>
